00888cam a22002411 450000100100000000500170001000800410002701000130006801500150008103500180009604000360011404200120015005000160016210000210017824501850019926000490038430000480043341000900048150400300057165000140060165000230061508200080063800001357420200929163257.0720210s1963 enka b 000 0 eng  a63005935 aGB63-11660 a(OCoLC)238161 aDO-SdBNPcODaWUdOCoLCdUkdDLC apremarc00aHF499b.M331 aMaizels, Alfred.10aIndustrial growth and world trade, :ban empirical study of trends in production, consumption and trade in manufactures from 1899-1959, with a discussion of probable future trends. aCambridge [Eng.] :bUniversity Press,c1963. axxiii, 563 p. :bdiagrs., tables. ;c24 cm.20aNational Institute of Economic and Social Research.tEconomic and social studies,v21 aBibliography: p. 549-556. 0aCommerce. 0aIndustrialization. a382